| 000 | 00462nam a2200169Ia 4500 | ||
|---|---|---|---|
| 008 | 230917s9999||||xx |||||||||||||| ||und|| | ||
| 020 | _cEUR69.99 | ||
| 040 |
_e207911 _aMAIN |
||
| 041 | _aEnglish | ||
| 082 | _a363.700113 A12E | ||
| 100 | _aAral, Mustafa M | ||
| 245 | 0 | _aEnvironmental modeling and health risk analysis(ACTS/RISK) | |
| 260 |
_aHeidelberg _bSpringer _c2010 |
||
| 300 | _axiv, 470 p. | ||
| 500 | _a2499 29/07/2013 196 08/08/2013 | ||
| 942 | _cBK | ||
| 999 |
_c20201 _d20201 |
||